[Event "Frankfurt Ch 2011"]
[Site "Ffm-Kalbach, LAZ"]
[Date "2011.06.14"]
[Round "7.56"]
[White "Kirschner, Matthias"]
[Black "Bastian, Holger"]
[Result "0-1"]
[WhiteElo "1703"]
[BlackElo "1689"]
[PlyCount "52"]
[EventDate "2011.??.??"]
[WhiteTeam "SV 1997 Nauheim"]
[BlackTeam "Aschaffenburg- Schweinheim e.V."]

1. c4 Nf6 2. Nc3 g6 3. g3 Bg7 4. Bg2 O-O 5. d3 d6 6. Nf3 e5 7. O-O c6 8. Nd2
Nbd7 9. Rb1 a5 10. a3 Nb6 11. b4 axb4 12. axb4 d5 13. c5 Nbd7 14. Qc2 Nh5 15.
Bb2 f5 16. e4 Ndf6 17. b5 Be6 18. exd5 Nxd5 19. b6 Nb4 20. Qd1 Nxd3 21. Na4
Nxb2 22. Nxb2 Qd4 23. Qc2 e4 24. Rfd1 Ra2 25. Ndc4 Qxc5 26. Qb3 Rxb2 0-1

[Event "Frankfurt Ch 2011"]
[Site "Ffm-Kalbach, LAZ"]
[Date "2011.06.14"]
[Round "7.57"]
[White "Reichel, Rolf"]
[Black "Knott, Tilo"]
[Result "1/2-1/2"]
[WhiteElo "1991"]
[BlackElo "1523"]
[PlyCount "38"]
[EventDate "2011.??.??"]
[WhiteTeam "Niederräder TG"]
[BlackTeam "SC Brett vor'm Kopp Ffm"]

1. e4 b6 2. Nc3 Bb7 3. d3 e6 4. Nf3 Nf6 5. Bg5 Be7 6. Be2 d6 7. Qd2 Nbd7 8. O-O
c5 9. h3 O-O 10. Rfe1 a6 11. Bf4 e5 12. Be3 Re8 13. Nh2 Nf8 14. f4 exf4 15.
Bxf4 Ng6 16. Bg3 b5 17. Bf3 Nd7 18. Nd5 Bxd5 19. exd5 Nde5 1/2-1/2

[Event "Frankfurt Ch 2011"]
[Site "Ffm-Kalbach, LAZ"]
[Date "2011.06.14"]
[Round "7.58"]
[White "Schellen, Sven"]
[Black "Popp, Matthias"]
[Result "1/2-1/2"]
[WhiteElo "1745"]
[BlackElo "1522"]
[PlyCount "59"]
[EventDate "2011.??.??"]
[WhiteTeam "Sfr. Frankfurt 1921"]
[BlackTeam "SC Bergen-Enkheim 1922"]

1. b4 e5 2. Bb2 d6 3. c4 Nf6 4. e3 c6 5. a4 a5 6. b5 Be7 7. Nf3 Bg4 8. Be2 O-O
9. O-O Nbd7 10. Nc3 Nc5 11. d4 exd4 12. Qxd4 Nb3 13. Qf4 Nxa1 14. Bxa1 Be6 15.
Rd1 Qb6 16. Nd4 Rad8 17. Bf3 d5 18. bxc6 bxc6 19. Rb1 Bb4 20. cxd5 Nxd5 21.
Nxd5 Bxd5 22. e4 Ba2 23. Rd1 Bc5 24. Nf5 Rxd1+ 25. Bxd1 Rd8 26. Nh6+ Kf8 27.
Bxg7+ Kxg7 28. Nf5+ Kf8 29. Qh6+ Ke8 30. Ng7+ 1/2-1/2

[Event "Frankfurt Ch 2011"]
[Site "Ffm-Kalbach, LAZ"]
[Date "2011.06.14"]
[Round "7.59"]
[White "Rauscher, Joachim"]
[Black "Storch, Dominik"]
[Result "1/2-1/2"]
[WhiteElo "1525"]
[BlackElo "1883"]
[PlyCount "116"]
[EventDate "2011.??.??"]
[WhiteTeam "SC Brett vor'm Kopp Ffm"]
[BlackTeam "Frankfurter TV 1860"]

1. e4 d5 2. exd5 Nf6 3. Nc3 Nxd5 4. Nxd5 Qxd5 5. Nf3 Bg4 6. Be2 Nc6 7. O-O
O-O-O 8. d3 e5 9. c4 Qd7 10. Qa4 Bc5 11. Be3 Qe7 12. Bxc5 Qxc5 13. Rfe1 Kb8 14.
Rad1 Bxf3 15. Bxf3 Nd4 16. Re3 f6 17. b4 Nxf3+ 18. Rxf3 Qd4 19. Re3 Qb2 20. c5
Rd4 21. Re4 Rhd8 22. Rxd4 Qxd4 23. c6 bxc6 24. Qxc6 Qb6 25. Qc2 Rd4 26. a3 Qb5
27. h3 Qd5 28. Rc1 Qd7 29. b5 Rxd3 30. Qa4 Rd4 31. Qb3 Qd5 32. Qc2 Qd8 33. a4
Rd2 34. Qxh7 Rd1+ 35. Rxd1 Qxd1+ 36. Kh2 Qd7 37. Qg8+ Kb7 38. Qc4 c6 39. bxc6+
Qxc6 40. Qf7+ Qc7 41. Qb3+ Kc6 42. Qc4+ Kd6 43. Qd3+ Ke7 44. Qe4 Qd7 45. Qb4+
Kf7 46. Qc4+ Kf8 47. Qb4+ Kg8 48. Qc4+ Qf7 49. Qc8+ Kh7 50. Qc2+ f5 51. a5 e4
52. a6 Qe6 53. Qe2 Qe5+ 54. Kg1 g6 55. Qc4 Kh6 56. Qc8 Qd4 57. Qf8+ Kh7 58.
Qf7+ Kh6 1/2-1/2

[Event "Frankfurt Ch 2011"]
[Site "Ffm-Kalbach, LAZ"]
[Date "2011.06.14"]
[Round "7.61"]
[White "Riha, Peter"]
[Black "Lewien, Frank"]
[Result "1/2-1/2"]
[WhiteElo "1806"]
[BlackElo "1499"]
[PlyCount "55"]
[EventDate "2011.??.??"]
[WhiteTeam "SC Bergen-Enkheim 1922"]
[BlackTeam "SV Lahn Limburg"]

1. d4 Nf6 2. c4 e6 3. Nf3 b6 4. g3 Ba6 5. Qa4 Bb7 6. Bg2 Be7 7. O-O O-O 8. Nc3
c5 9. Rd1 Qc8 10. d5 exd5 11. cxd5 d6 12. e4 Nbd7 13. Bf4 a6 14. Qc2 Qc7 15.
Re1 Ne5 16. Nxe5 dxe5 17. Bd2 Bd6 18. Nd1 Bc8 19. Ne3 b5 20. a4 Bd7 21. Bf1
Rfc8 22. Rec1 Qb8 23. f3 Qb6 24. Nd1 c4+ 25. Be3 Bc5 26. Qf2 Bd4 27. Ra2 Ne8
28. Qe1 1/2-1/2

[Event "Frankfurt Ch 2011"]
[Site "Ffm-Kalbach, LAZ"]
[Date "2011.06.14"]
[Round "7.62"]
[White "Budde, Michael"]
[Black "Willenbring, Jens-Dirk"]
[Result "1-0"]
[WhiteElo "1718"]
[BlackElo "1489"]
[PlyCount "52"]
[EventDate "2011.??.??"]
[WhiteTeam "SC 1979 Hattersheim"]
[BlackTeam "Bad Vilbeler Sfr.1985"]

1. e4 c5 2. Nf3 Nc6 3. Bc4 e6 4. Nc3 Be7 5. d4 cxd4 6. Nxd4 Bf6 7. Ndb5 Bxc3+
8. bxc3 d5 9. exd5 exd5 10. Bxd5 Nge7 11. Bxc6+ Nxc6 12. Nd6+ Kf8 13. O-O Be6
14. Ba3 Kg8 15. Nxb7 Qxd1 16. Rfxd1 g6 17. Nd6 Kg7 18. c4 Rhd8 19. c5 Kf8 20.
c4 Rab8 21. Rab1 Na5 22. c6 Nxc4 23. Nxc4+ Ke8 24. Nd6+ Rxd6 25. Rxb8+ Ke7 26.
Bxd6+ Kf6 1-0

[Event "Frankfurt Ch 2011"]
[Site "Ffm-Kalbach, LAZ"]
[Date "2011.06.14"]
[Round "7.63"]
[White "Brauer, Frank"]
[Black "Fischer, Lutz"]
[Result "1/2-1/2"]
[WhiteElo "1897"]
[BlackElo "1492"]
[PlyCount "63"]
[EventDate "2011.??.??"]
[WhiteTeam "vereinslos"]
[BlackTeam "Sfr. Frankfurt 1921"]

1. e4 e6 2. d4 d5 3. exd5 exd5 4. Nf3 Nc6 5. c3 Nge7 6. Bf4 Bf5 7. Bb5 a6 8.
Ba4 b5 9. Bc2 Bxc2 10. Qxc2 Ng6 11. Be3 Bd6 12. O-O O-O 13. Nbd2 Nb8 14. Rfe1
Nd7 15. Nf1 Re8 16. Bg5 f6 17. Rxe8+ Qxe8 18. Re1 Qf7 19. Bd2 Re8 20. Qc1 c6
21. Rxe8+ Qxe8 22. Qe1 Qxe1 23. Nxe1 Kf7 24. Nd3 a5 25. b3 Ne7 26. Bf4 Ke6 27.
g4 Ng6 28. Bxd6 Kxd6 29. Ne3 Ne7 30. f4 c5 31. Kf2 cxd4 32. cxd4 1/2-1/2

[Event "Frankfurt Ch 2011"]
[Site "Ffm-Kalbach, LAZ"]
[Date "2011.06.14"]
[Round "7.65"]
[White "Rondorf, Jochen"]
[Black "Zerhusen, Martin"]
[Result "0-1"]
[WhiteElo "1499"]
[BlackElo "1650"]
[PlyCount "90"]
[EventDate "2011.??.??"]
[WhiteTeam "SG Niederkassel"]
[BlackTeam "SV Oberursel"]

1. c4 c5 2. Nc3 Nc6 3. g3 b6 4. Bg2 Bb7 5. e3 g6 6. Nf3 Bg7 7. O-O e5 8. Re1
Nge7 9. Nd5 O-O 10. e4 Nxd5 11. exd5 Na5 12. d3 d6 13. Bd2 Bc8 14. Qc2 Nb7 15.
Rad1 Bd7 16. b4 Qc7 17. a4 f5 18. Ng5 h6 19. Nh3 g5 20. f3 Rae8 21. Nf2 f4 22.
g4 Re7 23. Ne4 Be8 24. Rf1 cxb4 25. Bxb4 Nc5 26. a5 Ba4 27. Qa2 Bxd1 28. Rxd1
Nxe4 29. dxe4 Rc8 30. Rc1 Bf8 31. Qa3 Rd7 32. axb6 Qxb6+ 33. Kh1 Rb7 34. Be1
Qb2 35. Qxb2 Rxb2 36. Bf1 Rcb8 37. Kg1 Rb1 38. Bd2 Rxc1 39. Bxc1 Rb1 40. Bd2
Be7 41. h3 Bd8 42. Kf2 Bb6+ 43. Ke2 a5 44. Bc3 a4 45. Kd2 Rxf1 0-1

[Event "Frankfurt Ch 2011"]
[Site "Ffm-Kalbach, LAZ"]
[Date "2011.06.14"]
[Round "7.66"]
[White "Bender, Manfred"]
[Black "Hartmann, Stephan"]
[Result "1-0"]
[WhiteElo "1821"]
[BlackElo "1441"]
[PlyCount "52"]
[EventDate "2011.??.??"]
[WhiteTeam "Sfr. Taunus Königstein/Schwalbac"]
[BlackTeam "SG Turm Idstein"]

1. d4 d5 2. c4 c6 3. Nf3 Nf6 4. e3 Bg4 5. Be2 e6 6. Nc3 Be7 7. O-O O-O 8. Ne5
Bxe2 9. Qxe2 Nbd7 10. Nf3 Nb6 11. b3 Bb4 12. Bb2 Bxc3 13. Bxc3 Ne4 14. Ba5 Qe8
15. Bb4 c5 16. dxc5 Nc8 17. cxd5 a5 18. Ba3 Nc3 19. Qd3 Nxd5 20. c6 Nce7 21.
cxb7 Rb8 22. Ng5 Nf6 23. Qa6 h6 24. Nf3 Nfd5 25. Bd6 Nb4 26. Qxa5 Rxb7 1-0

[Event "Frankfurt Ch 2011"]
[Site "Ffm-Kalbach, LAZ"]
[Date "2011.06.14"]
[Round "7.68"]
[White "Honert, Stefan"]
[Black "Stulken, Dietmar"]
[Result "1/2-1/2"]
[WhiteElo "1398"]
[BlackElo "1384"]
[PlyCount "39"]
[EventDate "2011.??.??"]
[WhiteTeam "Sfr. Frankfurt 1921"]
[BlackTeam "Sfr. Frankfurt 1921"]

1. d4 d5 2. c4 c6 3. Nf3 Nf6 4. Nc3 e6 5. Bf4 Bd6 6. Be5 Qc7 7. c5 Bxe5 8. Nxe5
Nbd7 9. Nf3 e5 10. e3 e4 11. Nd2 O-O 12. Be2 b6 13. b4 bxc5 14. bxc5 Qa5 15.
Qc2 Ba6 16. Nb3 Qa3 17. O-O Bxe2 18. Nxe2 Qa6 19. Rfb1 Rab8 20. Rb2 1/2-1/2

[Event "Frankfurt Ch 2011"]
[Site "Ffm-Kalbach, LAZ"]
[Date "2011.06.14"]
[Round "7.69"]
[White "Zelba, Gianluca"]
[Black "Urbach, Jens"]
[Result "1-0"]
[WhiteElo "1378"]
[BlackElo "1127"]
[PlyCount "125"]
[EventDate "2011.??.??"]
[WhiteTeam "SV Lahn Limburg"]
[BlackTeam "Sfr. Frankfurt 1921"]

1. d4 Nf6 2. c4 e5 3. dxe5 Ng4 4. Nf3 Bc5 5. e3 Nc6 6. b3 Ngxe5 7. Nxe5 Nxe5 8.
Be2 O-O 9. Bb2 d6 10. O-O Bd7 11. Nd2 Bc6 12. Nf3 Nxf3+ 13. Bxf3 Bxf3 14. Qxf3
c6 15. Qg3 f6 16. Rad1 Qe7 17. Rd3 Rad8 18. Qh4 Rfe8 19. Re1 d5 20. cxd5 cxd5
21. Red1 Qe6 22. e4 Qxe4 23. Qxe4 Rxe4 24. Kf1 d4 25. f3 Rh4 26. Kg1 Rd5 27. g3
Rh3 28. Bxd4 Bxd4+ 29. Rxd4 Rxd4 30. Rxd4 Rh5 31. Rd8+ Kf7 32. Rd7+ Kg6 33.
Rxb7 a5 34. b4 Rd5 35. a3 Rd1+ 36. Kg2 Rb1 37. Rb5 axb4 38. Rxb4 Rxb4 39. axb4
Kf7 40. Kf2 Ke6 41. Ke3 Kd5 42. Kf4 Kc4 43. b5 Kxb5 44. Kf5 Kc5 45. Ke6 Kd4 46.
Kf7 Ke3 47. f4 g5 48. f5 Ke4 49. Kxf6 h6 50. Kg6 Ke5 51. f6 Ke6 52. Kg7 Kf5 53.
f7 h5 54. f8=Q+ Kg4 55. Qb4+ Kh3 56. Kg6 h4 57. gxh4 gxh4 58. Kg5 Kxh2 59.
Qxh4+ Kg2 60. Qf4 Kh3 61. Qg4+ Kh2 62. Kf4 Kh1 63. Kf3 1-0